000 01912nam a2200313 i 4500
001 000048143
003 DO-SdBNP
005 20260306094216.0
007 ta
008 181121s2010 dr a 000 0 spa d
040 _aDO-SdBNP
_bspa
_cBNPHU
_erda
041 _aspa
082 4 _a338.9
_bR426s 2008
_222
110 1 _aRepública Dominicana.
_bSecretaría de Estado de Economía Planificación y Desarrollo
_91941
245 1 0 _aSistema nacional de planificación :
_bnuevo marco institucional /
_cprólogo, Juan Temístocles Montás.
264 _aSanto Domingo :
_bSecretaría de Estado de Economía, Planificación y Desarrollo,
_c2008 (3a. reimpresión , 2011)
300 _avolumen :
_bilustraciones ;
_c23 cm.
336 _atexto
_btxt
_2rdacontent
337 _asin mediación
_bn
_2rdamedia
338 _avolumen
_bnc
_2rdacarrier
505 0 _aPresentación --
_tLey No. 496-06 que crea la Secretaria de Estado de Economía, Planificación y Desarrollo --
_tDecreto No. 231-07 que establece el Reglamento Orgánico Funcional de la Secretaria de Estado de Economía, Planificación y Desarrollo --
_tLey 498-06 que crea el Sistema Nacional de Planificación e Inversión Pública --
_tDecreto No. 493-07 que aprueba el Reglamento de Aplicación No. 1 para la Ley No. 498-06 de Planificación e Inversión Pública --
_tLa Organización del nuevo Sistema Nacional de Planificación --
_tSistema Nacional de Inversión Pública --
_tLa Nueva Institucionalidad de la Planificación y de la Administración Financiera del Estado .
590 _aInventariado, 2018/LP
650 4 _aPlanificación económica
_96641
651 4 _aRepública Dominicana
_xPolítica económica
_9643
651 4 _aRepública Dominicana
_xCondiciones económicas
_xLegislación
_922897
700 1 _aMontás, Juan Temístocles
_d1950-
_eprologuista
_979676
_4pr.
910 _aValidado. Control de calidad MFF
942 _2ddc
_cLBS1
999 _c47631
_d47631